QUEST Central Library Banner

Smart Grid : Fundamentals of Design and Analysis (Record no. 14372)

MARC details
000 -LEADER
fixed length control field 00648nam a2200217 a 4500
020 ## - INTERNATIONAL STANDARD BOOK NUMBER
ISBN 047088939X (paperback)
020 ## - INTERNATIONAL STANDARD BOOK NUMBER
ISBN 9780470889398 (paperback)
082 ## - DEWEY DECIMAL CLASSIFICATION NUMBER
Classification number 621.31 MOM
100 1# - MAIN ENTRY--AUTHOR NAME
Personal name Momoh, James.
245 10 - TITLE STATEMENT
Title Smart Grid : Fundamentals of Design and Analysis
260 ## - PUBLICATION, DISTRIBUTION, ETC. (IMPRINT)
Place of publication New Jersey,
Name of publisher Wiley and Sons,
Year of publication 2012.
300 ## - PHYSICAL DESCRIPTION
Number of Pages XIV,216 p. ;
650 ## - SUBJECT ADDED ENTRY--TOPICAL TERM
Topical Term Electric power distribution
650 ## - SUBJECT ADDED ENTRY--TOPICAL TERM
Topical Term Automation
650 ## - SUBJECT ADDED ENTRY--TOPICAL TERM
Topical Term Smart power grids
650 ## - SUBJECT ADDED ENTRY--TOPICAL TERM
Topical Term Technological innovations
650 ## - SUBJECT ADDED ENTRY--TOPICAL TERM
Topical Term Electric power systems
650 ## - SUBJECT ADDED ENTRY--TOPICAL TERM
Topical Term Electric power distribution
856 40 - ELECTRONIC LOCATION AND ACCESS
Uniform Resource Identifier http://10.10.170.122:8080/browse/book/24082
942 ## - ADDED ENTRY ELEMENTS (KOHA)
Koha item type Books
Holdings
Withdrawn status Lost status Collection code Home library Current library Date acquired Full call number Accession Number Koha item type
    Reference Reference Section Reference Section 27/10/2015 333.7932MOM (Shelf - 22B) 52249 Books

Copyright © 2018,The QUEST, Nawabshah, Shaheed Benazirabad. All rights reserved
Mr. G. Farooq Channar (Librarian) QUEST, Nawabshah, Sindh, Pakistan 67480.
 Ph#: |   0244-9370381-4 Ext. 2308   Email| lib@quest.edu.pk   Web|  http://www.quest.edu.pk